[Event "I IRT CXG 2025"]
[Site "Rio de Janeiro"]
[Date "2025.04.14"]
[Round "5.3"]
[White "Rabello, David Sousa"]
[Black "Santos Filho, Tadeu Souza"]
[Result "0-1"]
[WhiteElo "1894"]
[BlackElo "2017"]
[Annotator "Chessbase - SF 17.1"]
[PlyCount "52"]
[EventDate "2025.??.??"]
[EventCountry "BRA"]

1. e4 {[%eval 18,0]} c6 {[%eval 23,0]} 2. Nf3 {[%eval 17,0]} d5 {[%eval 24,0]} 3. Nc3 {[%eval 2,0]} dxe4 {[%eval 16,0]} 4. Nxe4 {[%eval 12,0]} Nf6 {[%eval 21,0]} 5. Qe2 {[%eval 23,0]} Nxe4 {[%eval 24,0]} 6. Qxe4 {[%eval 11,0]} Nd7 {[%eval 24,0]} 7. Bc4 {[%eval 33,0]} Nf6 {[%eval 24,0]} {[%tqu "En","","","","f3e5","",10]} 8. Ne5 $1 {[%eval 47,0][%csl Ge5][%cal Rc4f7] [#]} e6 {[%eval 45,0] White has an edge.} 9. Qe2 {[%eval 49,0]} b5 {[%eval 39,0]} 10. Bb3 {[%eval 6,0]} (10. Nxc6 Qc7 11. Bd3 (11. Bxb5 a6 $17) 11... a6) 10... Qc7 {[%eval 9,0]} 11. d4 {[%eval 17,0][%cal Bd2d4,Bd4e5][%mdl 32]} Bd6 {[%eval 21,0]} 12. Bg5 {[%eval 15,0]} (12. O-O O-O 13. c3 Bb7 14. Nd3 {[%eval -53,25] [%wdl 3,858,139]} (14. Bf4 {[%eval 9,24] [%wdl 28,957,15]}) 14... Bxh2+ $15 15. Kh1 Bd6 $1 16. Bc2 c5 17. dxc5 Bxc5 18. Nxc5 Qxc5 19. Be3 Qh5+ {[%eval -19,28] [%wdl 4,974,22]} (19... Qc6 $17 {[%eval -81,23] [%wdl 0,711,289][%csl Gb7][%cal Rc6g2]} 20. f3 b4) 20. Qxh5 Nxh5 21. a4 a6 22. Rad1 Bd5 23. Bd3 {[%eval -143,27] [%wdl 0,80,920]} (23. Rd4 {[%eval -29,29] [%wdl 1,982,17] remains equal.}) 23... bxa4 24. c4 Bc6 25. Bc2 Rfd8 26. Ra1 {[%eval -151,26] [%wdl 0,50,950]} (26. Rxd8+ {[%eval -89,25] [%wdl 0,648,352]} Rxd8 27. Ra1) 26... Rdb8 $1) 12... a5 {[%eval 2,0] [#] Threatens to win with ...a4.} (12... Be7 {[%eval 110,27] [%wdl 595,405,0] 12...0-0 -0.21} 13. O-O O-O 14. c3 a6 {[%eval 152,26] [%wdl 883,117,0]} (14... Bd6 {[%eval 87,26] [%wdl 380,619,1]}) 15. Bc2 $16 Bb7 16. f4 {[%eval 33,23] [%wdl 69,925,6]} (16. Rae1 $16 {[%eval 152,25] [%wdl 882,118,0]}) 16... c5 $14 17. Ng4 {[%eval -53,25] [%wdl 3,860,137]} (17. f5 {[%eval 30,24] [%wdl 62,931,7]}) 17... Nxg4 $1 $15 18. Bxe7 {[%eval -133,32] [%wdl 0,190,810]} (18. Qxg4 $15 {[%eval -51,26] [%wdl 2,883,115]} g6 19. Rad1) 18... Qxe7 $17 19. Qxg4 cxd4 $1 20. cxd4 Rac8 {[%eval -64,28] [%wdl 0,863,137]} (20... Qb4 $17 {[%eval -153,23] [%wdl 0,65,935][%cal Rb4b2]} 21. Rad1 Qxb2) 21. Rf2 Rc4 {aiming for ...Rfc8.} 22. f5 exf5 23. Qxf5 {[%csl Gc2][%cal Rf5h7]} g6 24. Qd3 Rd8 25. Rf4 $2 {[%eval -356,25] [%wdl 0,0,1000][%mdl 8192]} (25. Bb3 $1 {[%eval -5,31] [%wdl 4,989,7]} Rcxd4 26. Rxf7) 25... Qg5 $19 {[%csl Gb7][%cal Rg5g2]} 26. Rf2 Rcxd4 27. Qc3 {Quevedo,A (1857)-Izquierdo Garces,R (1814) Santiago CHI 2025 ½-½ (48)}) 13. a4 {[%eval 17,0]} (13. c3 Ba6 {[%eval 40,27] [%wdl 90,906,4]} (13... O-O {Nd5} 14. Bc2 c5 $14 {O-O!?} 15. Bd3 $15 {[%eval -38,25] [%wdl 5,913,82][%cal Rf7f6] O-O Bd2} {Rfe1} cxd4 {[%eval 32,25] [%wdl 67,927,6]} 16. cxd4 Qb7 17. Qe4 {[%csl Gd3][%cal Re4h7] f5 Qe2} Bxe5 $16 18. Qxe5 {[%eval 3,28] [%wdl 11,980,9] Rf6 a3} {Rfc1} b4 {[%eval 74,27] [%wdl 235,765,0]} 19. Ba6 Rxa6 {axb4 axb4 Rxa6 Qxa6 Bxb4 Hoping for Qb8+. h6} 20. Qb8 {Kh7}) (13... Nd5 {[%eval -30,27] [%wdl 7,931,62]}) (13... a4 14. Bc2 Nd5 15. O-O a3 16. Bc1 axb2 17. Bxb2 O-O 18. Rfe1 Bb7 19. Qh5 {[%csl Gc2][%cal Rh5h7]} f5 {Strongly threatening ...c5.} 20. Bb3 c5 {And now ...c4 would win.} 21. g3 $2 {[%eval -297,20] [%wdl 0,0,1000]} (21. c4 $17 {[%eval -85,22] [%wdl 1,646,353]} bxc4 22. dxc5 Bxe5 23. Bxe5 Qxc5 24. Rac1) 21... c4 $19 22. Bc2 {[%eval -417,21] [%wdl 0,0,1000]} (22. Bd1 {[%eval -287,25] [%wdl 0,1,999] was the only chance.} b4 23. Qe2) 22... b4 $19 23. cxb4 Nxb4 24. Rac1 Bxe5 25. Rxe5 Qc6 {[%csl Gb7][%cal Rc6g2]} 26. d5 Nxd5 27. Qg5 {[%eval -726,24] [%wdl 0,0,1000]} (27. Qf3 {[%eval -425,23] [%wdl 0,0,1000]} Rxa2 28. Bd4) 27... Nf4) 14. O-O $14 Nd5 15. Bc2 {[%eval 2,28] [%wdl 22,959,19]} (15. Bh4 $16 {[%eval 79,22] [%wdl 309,690,1]}) 15... c5 (15... O-O $5 {[%cal Rf7f6]}) 16. Bd3 {[%eval -43,23] [%wdl 4,897,99]} (16. Rfe1 {[%eval 26,28] [%wdl 54,938,8]}) 16... O-O $15 17. Bd2 cxd4 18. cxd4 Qb7 19. Qe4 f5 20. Qe2 Bxe5 {[%eval 55,27] [%wdl 125,874,1]} (20... b4 {[%eval 0,27] [%wdl 17,966,17]}) 21. Qxe5 $14 Rf6 22. a3 {[%eval 4,26] [%wdl 12,980,8]} (22. Rfc1 $16 {[%eval 76,24] [%wdl 246,754,0]}) 22... b4 23. Bxa6 Rxa6 24. axb4 axb4 25. Rxa6 Qxa6 26. Bxb4 h6 27. Qb8+ Kh7 {Vachier Lagrave,M (2784)-Carlsen,M (2862) Chess.com INT 2020 1-0 (62)}) 13... Ba6 $146 {[%eval 7,0]} (13... b4 14. Nc4 Be7 15. O-O (15. Qf3 $5 {[%cal Rg5f4]}) 15... Ba6 {[%eval -5,31] [%wdl 17,959,24]} (15... Nd5 16. Bxe7 Qxe7 17. Ne5 Ba6 18. Bc4 Bxc4 19. Qxc4 Rc8 20. Rad1 O-O 21. Qc5 Qc7 22. Nc4 Ra8 23. Nd2 Nb6 24. b3 Nd7 25. Qg5 c5 26. dxc5 (26. Nc4 $5 {[%cal Rd4d5]}) 26... Nxc5 27. Rfe1 {[%eval 14,28] [%wdl 13,984,3]} (27. Qg4 {[%eval 12,27] [%wdl 12,985,3]}) (27. Nc4 Rfd8 {[%eval 36,24] [%wdl 37,962,1]} (27... Nxa4 $1 $15 {[%eval -37,29] [%wdl 1,959,40]} 28. Ra1 Nc5) 28. Qe5 {Seder,M (2116)-Stetsenko,I (1903) Budapest HUN 2024 0-1 (50)}))) 14. c4 {[%eval 24,0]} (14. axb5 {is more complex.} cxb5 15. c3 O-O 16. Bxf6 gxf6 17. Qh5) 14... Bxe5 $4 {[%eval 160,29] [%wdl 923,77,0] Blunder. bxc4 was best.} (14... bxc4 15. Bxc4 Bxe5 16. Qxe5 Qxe5+ 17. dxe5 Bxc4 18. exf6 Rg8 19. O-O-O gxf6 20. Bxf6) 15. dxe5 $16 {[%eval 168,0]} (15. Qxe5 $6 Qe7 16. axb5 Qb4+ 17. Bd2 Qxb3 $14) 15... bxc4 {[%eval 152,0]} 16. exf6 {[%eval 105,0]} cxb3 {[%eval 148,0]} (16... gxf6 $2 17. Bxf6 cxb3 18. Qg4 $18) 17. fxg7 {[%eval 148,0]} Rg8 {[%eval 169,0]} 18. Qe3 {[%eval 136,0]} Rxg7 {[%eval 145,0]} 19. O-O-O {[%eval 148,0]} Rg6 {[%eval 202,26] [%wdl 995,5,0]} (19... Qb7 $16 {[%eval 143,26] [%wdl 900,100,0]}) 20. Rd2 $4 {[%eval -43,28] [%wdl 1,949,50] Blunder. h4 was best.} (20. h4 h6) 20... Bc4 $1 $15 {[%eval 26,0] White must now prevent ...Bd5.} 21. Qc3 $6 {[%eval -118,26] [%wdl 0,280,720] Inaccuracy. h4 was best.} (21. h4 f6 (21... Bd5) 22. Qc3) 21... Rxg5 $17 {[%eval 92,0][%cal Bg6g5,Bg5g4,Bg4a4][%mdl 32]} 22. Qxc4 $2 {[%eval -252,24] [%wdl 0,0,1000] Mistake. Qh8+ was best.} (22. Qh8+ Ke7 23. Qxa8 Rc5 24. Kb1 Bd5 25. f3 Rc4 26. Rhd1 Rxa4 27. Rd3 Rb4) 22... Qb6 $19 {[%eval -179,0] ...Rc5 is the strong threat.} (22... Rxg2 23. Rhd1 $17) 23. Qh4 $4 {[%eval -719,22] [%wdl 0,0,1000] Blunder. Kb1 was best.} (23. Kb1 Rd5) 23... Qc5+ {[%eval -304,0]} 24. Kb1 {[%eval -391,0]} Qf5+ {[%eval -316,0]} 25. Ka1 $6 {[%eval -1106,22] [%wdl 0,0,1000] Inaccuracy. Kc1 was best.} (25. Kc1 Rg4 26. Qh3 Rc4+ 27. Kd1 Qb1+ (27... Qxh3 28. gxh3 Rxa4 29. Ke2 Rd8 30. Rxd8+ Kxd8) 28. Ke2 Qe4+ 29. Qe3 Qxg2 30. Rhd1) 25... Rg4 {[%eval -797,0]} 26. Qh3 $2 {[%eval -32765,0] Checkmate is now unavoidable. Qxg4 was best.} (26. Qxg4 Qxg4 27. Kb1 Qxa4 28. Rdd1 Qa2+ 29. Kc1 Qa1+ 30. Kd2 Rd8+ 31. Ke2 Qxb2+) 26... Rxa4# {Weighted Error Value: White=1.25/Black=0.17 (very precise) PRECISÃO SF 17; BRANCAS 82% PRETAS 95%} 0-1

[Event "I IRT CXG 2025"]
[Site "Rio de Janeiro"]
[Date "2025.04.05"]
[Round "5.4"]
[White "Brito, Vicente De Paulo Al"]
[Black "Rovedo, Salomão"]
[Result "1-0"]
[WhiteElo "1880"]
[BlackElo "1727"]
[Annotator "Chessbase - SF 17.1"]
[PlyCount "61"]
[EventDate "2025.??.??"]
[EventCountry "BRA"]

1. d4 {[%eval 17,0]} Nf6 {[%eval 19,0]} 2. Nc3 {[%eval 2,0]} e6 {[%eval 44,0]} 3. Bf4 {[%eval 0,0]} Bb4 {[%eval 0,0]} 4. e3 {[%eval 25,0]} Bxc3+ {[%eval 9,0]} (4... Nd5 5. Nge2 Nxf4 6. exf4 O-O 7. a3 Be7 8. d5 Bf6 9. g4 exd5 10. Qxd5 c6 11. Qd6 Qb6 12. O-O-O Qxf2 13. Kb1 Re8 14. Ng3 Be7 15. Qe5 d5 16. Bd3 Nd7 17. Qh5 Nf6 18. Qh4 Ne4 19. g5 {Jobava,B (2669)-Vakhidov,J (2578) Almaty 2016 1-0 (53)}) 5. bxc3 {[%eval 6,0]} d6 {[%eval 8,0]} 6. Bd3 $146 {[%eval 15,0]} (6. Nf3 Nbd7 7. Be2 (7. h3 b6 8. Bh2 Bb7 9. Be2 Qe7 10. a4 a5 11. O-O Ne4 $17 {[%eval -155,25] [%wdl 0,93,907]} (11... Rg8 12. Nd2 e5 13. Kh1 g5 {[%cal Bg5g4]} 14. Bf3 {Against g4} e4 15. Be2 O-O-O 16. c4 $17 {[%eval -100,21] [%wdl 0,501,499]} (16. f3 Nd5 17. Bg1 Nxc3 18. Qe1 Nxe2 19. Qxe2 exf3 20. gxf3 f5 {Lai,D (2058)-Chigaev,M (2624) chess.com INT 2024 0-1 (40)})) 12. Qd3 O-O) 7... Qe7 8. h3 O-O 9. O-O e5 10. Bh2 Re8 11. Nd2 Nf8 12. Re1 Nd5 13. Nb1 Qg5 {Strongly threatening ...Bxh3.} 14. dxe5 Nb6 15. exd6 Bxh3 {[%csl Gh3][%cal Rg5g2]} 16. Bg3 Bf5 17. dxc7 {Hoping for Nd2.} Re6 $2 {[%eval 367,25] [%wdl 1000,0,0]} (17... Rxe3 {[%eval 196,24] [%wdl 987,13,0] might work better.} 18. Bh2 Bh3) 18. Bf3 Be4 19. Bxe4 Rxe4 20. Qf3 Rae8 {Laux,D (1659)-Rousis,C (1443) Prague 2016 1-0 (79)}) 6... Nbd7 {[%eval 14,0]} 7. Nf3 {[%eval 2,0] Inhibits e5.} Nf8 {[%eval 55,0]} 8. O-O {[%eval 59,0] White is slightly better.} Ng6 {[%eval 56,0]} 9. Bg3 {[%eval 54,0]} O-O {[%eval 57,0]} 10. h3 {[%eval 46,0]} b6 {[%eval 49,0]} 11. e4 {[%eval 0,0][%cal Be3e4,Be4f5][%mdl 32]} Bb7 {[%eval 6,0]} 12. Nd2 {[%eval 3,0]} a5 $6 {[%eval 72,0] Inaccuracy. d5 was best.} (12... d5) 13. Qe2 {[%eval 68,0]} Rc8 {[%eval 97,0]} 14. f4 {[%eval 9,0]} c5 {[%eval 124,0]} 15. f5 {[%eval 118,0]} exf5 {[%eval 117,0]} 16. exf5 {[%eval 111,0]} (16. Rxf5 $6 cxd4 17. cxd4 d5) 16... Ne7 {[%eval 100,0]} 17. Nc4 {[%eval 74,0]} Rc6 $6 {[%eval 159,0] Inaccuracy. d5 was best.} (17... d5) 18. dxc5 {[%eval 111,0]} dxc5 {[%eval 162,0]} 19. Rad1 $6 {[%eval 51,0] Inaccuracy. Ne5 was best.} (19. Ne5) 19... Ned5 {[%eval 38,0]} 20. Qd2 {[%eval 21,0] Rfe1 is the strong threat.} Re8 $2 {[%eval 149,0] Mistake. b5 was best. [#] White must now prevent ...b5.} (20... b5) 21. Ne5 {[%eval 166,0]} Rc8 {[%eval 157,0]} 22. Bb5 $6 {[%eval 62,0] Inaccuracy. Rfe1 was best.} (22. Rfe1 c4 23. Nxc4 Ba8 24. Nd6 Rxe1+ 25. Qxe1 Rc7 26. Ne4 Re7 27. Bh4 Kf8) 22... Ne4 {[%eval 61,0][%csl Bc3,Bd2,Bg3]} 23. Qe1 $36 {[%eval 62,0][%mdl 2048] White fights for an advantage.} Nxg3 $4 {[%eval 448,28] [%wdl 1000,0,0][%mdl 8192] Blunder. Nexc3 was best.} (23... Nexc3 24. Bxe8 Qxe8) 24. Bxe8 {[%eval 372,0]} Qxe8 {[%eval 309,0]} 25. Rd3 $4 {[%eval -572,22] [%wdl 0,0,1000][%mdl 8192] Blunder. Qxg3 was best. [#]} (25. Qxg3 f6 (25... c4 26. Ng4 Qe7 27. f6 Qc5+ 28. Kh1 g6 29. Rde1 h5 30. Nh6+ Kf8) 26. c4 Qxe5 27. Qxe5 fxe5 28. cxd5) 25... f6 $4 {[%eval -209,25] [%wdl 0,3,997] Blunder. Nxf1 was best.} (25... Nxf1 26. Kxf1 f6 27. Nc4 Ba6 28. Qh4 Ne3+ 29. Nxe3 Bxd3+ 30. Kf2 Ba6 31. Qg3) 26. Nc4 $4 {[%eval -485,23] [%wdl 0,0,1000] Blunder. Qxg3 was best.} (26. Qxg3 Qxe5 27. Qxe5 fxe5 28. Rfd1) 26... Ne2+ {[%eval -394,0]} 27. Kh2 {[%eval -396,0]} Ng3 $4 {[%eval 563,23] [%wdl 1000,0,0][%mdl 8192] Blunder. Ba6 was best.} (27... Ba6 28. Qh4 Qc6 29. Kh1 Re8 30. Rff3 h6 31. Qg4 h5 32. Qh4 Bb7 33. a4) 28. Qxg3 $18 {[%eval 509,0] White is clearly winning.} (28. Kxg3 Qc6 $16) 28... Rd8 {[%eval 574,0]} 29. Nd6 {[%eval 554,0]} Qc6 {[%eval 622,0]} 30. Nxb7 {[%eval 600,0]} Qxb7 {[%eval 617,0]} 31. c4 {[%eval 616,0] Weighted Error Value: White=0.44/Black=0.94 PRECISÃO SF 17; BRANCAS 63% PRETAS 60%} 1-0

[Event "I IRT CXG 2025"]
[Site "Rio de Janeiro"]
[Date "2025.04.05"]
[Round "5.5"]
[White "Chaves, Jorge Antonio Torre"]
[Black "Mendes, Jorge Alberto Dacal"]
[Result "1-0"]
[WhiteElo "1873"]
[BlackElo "1870"]
[Annotator "Chessbase - SF 17.1"]
[PlyCount "82"]
[EventDate "2025.??.??"]
[EventCountry "BRA"]

1. d4 {[%eval 17,0]} Nf6 {[%eval 19,0]} 2. Nf3 {[%eval 11,0]} d5 {[%eval 11,0]} 3. c4 {[%eval 22,0]} c6 {[%eval 24,0]} 4. Nc3 {[%eval 16,0]} e6 {[%eval 12,0]} 5. e3 {[%eval 13,0]} Nbd7 {[%eval 25,0]} 6. Qc2 {[%eval 21,0]} Bd6 {[%eval 19,0]} 7. cxd5 {[%eval 5,0]} (7. a3 a6 8. b4 e5 9. Bb2 O-O (9... e4 $5 {[%cal Re4f3]} 10. Nd2 O-O $14) 10. Nxd5 cxd5 11. dxe5 Nxe5 12. Nxe5 Qe7 13. Nf3 dxc4 14. Qxc4 Bg4 15. Be2 Rac8 16. Qd3 Bh5 17. O-O Bg6 18. Qd4 Rfd8 19. Qh4 Rc2 20. Bxf6 Qxf6 21. Qxf6 gxf6 {Malaniuk,V (2610)-Lau,R (2515) Montecatini Terme 1994 ½-½ (40)}) (7. c5 Be7 8. b4 b6 9. Bb2 a5 10. a3 Qc7 11. Bd3 O-O 12. O-O Ba6 13. Rfb1 Bxd3 14. Qxd3 bxc5 15. dxc5 Rfb8 (15... Rab8 $5 {[%cal Ra5b4]} 16. Na2 axb4 17. axb4 Ne4 $15) 16. bxa5 $2 {[%mdl 8192]} (16. e4) 16... Nxc5 $19 17. Qc2 Nb3 18. Ra2 Nxa5 19. a4 Rb7 20. Ba1 Rxb1+ 21. Nxb1 Nc4 {Kaibinger,K (1908)-Bensaid,S (1860) Budapest 2016 1-0 (52)}) (7. Bd3 O-O 8. O-O h6 9. b3 e5 10. cxd5 Nxd5 11. Nxd5 cxd5 12. dxe5 Nxe5 13. Nxe5 Bxe5 14. Bb2 Qf6 15. Bxe5 Qxe5 16. Rac1 Bd7 17. Qc7 Qxc7 18. Rxc7 Bc6 19. b4 Rac8 20. Rxc8 Rxc8 21. Rc1 Kf8 22. Kf1 Ke7 23. Ke2 Kd6 24. Kd2 a5 25. bxa5 Ra8 26. a6 bxa6 27. Rb1 Kc5 28. Rc1+ Kd6 29. Rb1 Kc5 {½-½ Navara,D (2677)-Murzin,V (2657) Djerba Masters 2025 (4)}) 7... cxd5 {[%eval 25,0]} 8. Bd3 {[%eval 12,0]} a6 {[%eval 14,0]} 9. Bd2 {[%eval 13,0] [#] The position is equal.} g6 $146 {[%eval 63,0]} (9... O-O 10. O-O Re8 (10... b5 11. e4 dxe4 12. Nxe4 Be7 13. Ne5 Bb7 14. Nc6 Qe8 15. Nxe7+ Qxe7 16. Bg5 Rac8 17. Qe2 Bxe4 18. Bxe4 Qd6 19. Bf3 Rc4 20. b3 Rc3 21. Bd2 Rc7 22. a4 b4 23. a5 Rfc8 24. Rfd1 Nd5 25. Bxd5 Qxd5 26. Qxa6 Ra8 27. Qf1 Rxa5 28. Rxa5 Qxa5 29. Ra1 Qd5 30. Bxb4 h6 31. Qd1 Rb7 32. Ra5 Qe4 33. Bc3 Nf6 34. h3 Nd5 35. Rc5 Nf4 36. f3 Qe3+ 37. Kh2 Nd5 38. Rc8+ Kh7 39. Qc2+ {½-½ Hess,M (2385)-Haba,P (2444) AUT-chT 2324 Austria 2023 (9.4)}) 11. Rfe1 e5 12. dxe5 Nxe5 13. Be2 Bg4 14. Nd4 Bxe2 15. Ndxe2 Rc8 16. Nd4 b5 {Hoping for ...b4.} 17. a3 Nc4 18. g3 Ne4 19. Nxe4 dxe4 20. Bc3 Qg5 21. Qe2 Ne5 {White must now prevent ...Bc5.} 22. Red1 Bc5 {...Bxd4 is the strong threat.} 23. Nb3 Nf3+ 24. Kg2 {Plante,R (2100)-Bachand Fleurent,J (2209) Trois Rivieres 2005 0-1 (51)}) 10. e4 {[%eval 51,0]} dxe4 {[%eval 51,0]} 11. Nxe4 {[%eval 33,0]} Be7 {[%eval 87,0]} 12. h3 $6 {[%eval 9,0] Inaccuracy. Neg5 was best.} (12. Neg5) 12... b6 $6 {[%eval 100,0] Inaccuracy. Nxe4 was best.} (12... Nxe4) 13. Neg5 {[%eval 8,0]} Nd5 {[%eval 81,0]} (13... Bb7 14. O-O $15) 14. Nxe6 $6 {[%eval 0,0] Inaccuracy. h4 was best.} (14. h4) 14... fxe6 {[%eval 0,0]} {[%tqu "En","","","","d3g6","",10]} 15. Bxg6+ $1 {[%eval 0,0]} hxg6 {[%eval 0,0]} 16. Qxg6+ {[%eval 0,0]} Kf8 {[%eval 0,0][%cal Be8f8,Bf8f7,Bf7g7][%mdl 32]} 17. Bh6+ {[%eval 0,0]} Rxh6 {[%eval 0,0]} 18. Qxh6+ {[%eval 0,0]} Kf7 {[%eval 0,0]} 19. O-O $4 {[%eval -139,0][%mdl 8192] Blunder. Qh7+ was best.} (19. Qh7+ Kf8 20. Qh6+ (20. Qh8+ Kf7 21. Qh7+) 20... Ke8 21. Qg6+ Kf8 22. Qh6+) 19... Bf6 {[%eval -155,0] Threatens to win with ...Qh8.} (19... Qf8 $2 20. Qh5+ Kg7 21. Qg4+ Kh7 22. Rac1 $19) 20. Qh5+ {[%eval -154,0]} Kg7 {[%eval -171,0]} 21. Ne5 {[%eval -113,0]} Nxe5 {[%eval -118,0]} 22. dxe5 {[%eval -132,0]} Bg5 $2 {[%eval 93,0] Mistake. Be7 was best. [#] And now ...Bf4 would win.} (22... Be7 23. Rad1 Qh8 24. Qg4+ Kh6 25. Rxd5 exd5 26. Qf4+ Bg5 27. Qd4 Qg7 28. Kh2) 23. g3 $4 {[%eval -107,0] Blunder. Rad1 was best. Against Bf4} (23. Rad1 Qe7 24. h4 Bh6 25. Rd4 Nf4 26. Qg4+ Kh7 27. Rxf4 Bxf4 28. Qxf4 Bb7) 23... Bd7 $19 {[%eval -115,0][%cal Bc8d7,Bd7c6,Bc6d5][%mdl 32]} 24. f4 {[%eval -264,0]} Bh6 {[%eval -102,0]} 25. Rac1 {[%eval -264,0]} Qe8 {[%eval -259,0]} 26. Qf3 {[%eval -245,0]} Qg6 {[%eval -226,0]} 27. Kh2 {[%eval -296,0]} Rf8 {[%eval -248,0]} 28. Rcd1 {[%eval -243,0]} Bc6 {[%eval -243,0]} 29. Rd4 {[%eval -224,0]} Ne7 {[%eval -292,0]} 30. Qg4 {[%eval -294,0]} Kh8 {[%eval -262,0] [#] (  ...Qc2+)} 31. Qxg6 {[%eval -243,0]} Nxg6 {[%eval -253,0]} 32. Rd6 {[%eval -236,0]} Bd5 {[%eval -235,0]} 33. h4 {[%eval -213,0]} Rxf4 $4 {[%eval 174,0] Blunder. Nxe5 was best.} (33... Nxe5 34. Rxb6 Ng4+ 35. Kh3 Rg8 36. Rb4 Ne3 37. Rc1 Bg7 38. Rc7 Bf3 39. Ra7) 34. gxf4 $16 {[%eval 179,0]} Bxf4+ {[%eval 171,0]} {[%tqu "En","","","","f1f4","",10]} 35. Rxf4 $1 {[%eval 107,0][%mdl 512]} Nxf4 {[%eval 122,0]} 36. b3 {[%eval 86,0]} b5 {[%eval 73,0]} 37. Rxa6 {[%eval 65,0] aiming for Rb6.} b4 {[%eval 93,0]} 38. Rb6 $6 {[%eval 0,0] Inaccuracy. Kg3 was best.} (38. Kg3) 38... Nd3 {[%eval 12,0]} 39. Kg3 {[%eval 23,0]} Kg7 {[%eval 0,0]} 40. h5 {[%eval 0,0]} Kh6 {[%eval 2,0]} 41. Kh4 {[%eval 7,0]} Nxe5 {[%eval 25,0] Weighted Error Value: White=0.38/Black=0.34 PRECISÃO SF 17; BRANCAS 89% PRETAS 85%} 1-0